000 00740nam a22002297a 4500
003 OSt
005 20251010005758.0
008 251010b |||||||| |||| 00| 0 eng d
020 _a978-621-8179-95-0
040 _aDWCL-Main lib
_cOC
082 _aFil. 970.069 D182r 2022
100 _aDangle, Jamie Joyce O.
245 _aRecreation and Leisure Management/
_cJamie Joyce O. Dangle
260 _aManila, Philippines :
_bEDRIC Publishing House,
_cc2022.
300 _a86 pages :
_b illustrations ;
_c25cm.
504 _aIncludes bibliographical references
650 _a1. Leisure
650 _a2. Leisure-- Management
650 _a3. Recreation
650 _a4. Recreation-- Management
942 _2ddc
_cBK - FIL
_kFil.
_n0
999 _c4784
_d4784